LDR 00775naa#a2200157#i#450# 001 RU\INFRA-M\bibl\14612 005 20260516014203.6 100 ## _a20250114b2025####ek#y0rusy0150####ca 102 ## _aRU 200 1# _aАВИАЦИОННАЯ БЕЗОПАСНОСТЬ КАК ЦЕЛЕВОЙ ПАРАМЕТР БИЗНЕС-МОДЕЛИ АЭРОПОРТОВОГО ПРЕДПРИЯТИЯ _eСтатья/тезисы конференции 210 1# _aМосква _cОбщество с ограниченной ответственностью «Научно-издательский центр ИНФРА-М» _d2025 215 ## _a4 с. 608 ## _aСтатья/тезисы конференции _2local 700 #1 _aГубенко _gА. В. 700 #1 _aБогданова _gН. И. 856 4# _azh-szf.ru _u